| 000 | 00962nam a22003137a 4500 | ||
|---|---|---|---|
| 001 | BR5700143 | ||
| 003 | BR-BrBNA | ||
| 005 | 20230928082957.0 | ||
| 007 | ta | ||
| 008 | 230509b bl.||||| |||| 00| 0 por d | ||
| 040 |
_aBR-BrBNA _bpor _cBiblioteca Nacional de Agricultura |
||
| 041 | _a(Por) | ||
| 072 | _aP12 | ||
| 090 | _ P12 BR5700143 | ||
| 110 | 1 |
_aBanco do Nordeste do Brasil S.A., Fortaleza, CE. Escritorio Tecnico de Estudos Economicos do Nordeste _91166 |
|
| 111 | 1 |
_a1. Reuniao dos Tecnicos de Irrigacao e Drenagem _cSorocaba, SP (Brazil) _dDec 1957 |
|
| 245 | 1 | _aIrrigacao na area pernambucana do Sao Francisco. Estudo preliminar [Brasil] | |
| 260 | 3 |
_aFortaleza, CE (Brasil): _c1957. |
|
| 300 | _a34 p. | ||
| 500 | _a20 tables | ||
| 650 | _aVEGETACAO | ||
| 650 | _aCLIMA | ||
| 650 | _aPLUVIOMETRIA | ||
| 650 | _aIRRIGACAO | ||
| 650 | _aBOMBA D'AGUA | ||
| 650 | _aPERNAMBUCO | ||
| 909 |
_a202309 _bLucia _c55 _dLucia Elande |
||
| 942 | _cBK | ||
| 999 |
_c10921 _d10921 |
||